Städte mit den meisten Einwohnern - Statistiken

Allgemein
  • Dieses Quiz wurde 51 mal gespielt
  • Das Durchschnittsergebnis liegt bei 15 aus 25
Antwortstatistiken
Frage Antwort % Korrekt
Welche Stadt hat die meisten Einwohner? Frankfurt
100%
Welche Stadt hat die meisten Einwohner? Hannover
86%
Welche Stadt hat die meisten Einwohner? London
86%
Welche Stadt hat die meisten Einwohner? Rio de Janeiro
86%
Welche Stadt hat die meisten Einwohner? Nürnberg
84%
Welche Stadt hat die meisten Einwohner? Essen
82%
Welche Stadt hat die meisten Einwohner? Mainz
82%
Welche Stadt hat die meisten Einwohner? Magdeburg
80%
Welche Stadt hat die meisten Einwohner? Berlin
75%
Welche Stadt hat die meisten Einwohner? Kopenhagen
73%
Welche Stadt hat die meisten Einwohner? Bochum
70%
Welche Stadt hat die meisten Einwohner? Peking
70%
Welche Stadt hat die meisten Einwohner? Duisburg
66%
Welche Stadt hat die meisten Einwohner? Bangkok
61%
Welche Stadt hat die meisten Einwohner? Dallas
59%
Welche Stadt hat die meisten Einwohner? Warschau
57%
Welche Stadt hat die meisten Einwohner? München
55%
Welche Stadt hat die meisten Einwohner? Kairo
48%
Welche Stadt hat die meisten Einwohner? Wien
43%
Welche Stadt hat die meisten Einwohner? Ankara
41%
Welche Stadt hat die meisten Einwohner? Johannesburg
41%
Welche Stadt hat die meisten Einwohner? Toronto
25%
Welche Stadt hat die meisten Einwohner? Kapstadt
20%
Welche Stadt hat die meisten Einwohner? Brüssel
9%
Welche Stadt hat die meisten Einwohner? Neu-Delhi
5%
Keine übereinstimmenden Quizze gefunden
Verteilung der Resultate
Anzahl Personen mit jedem Resultat
Perzentil nach korrekt beantworteten Fragen
Ihre Resultats-Entwicklung
Sie haben dieses Quiz noch nicht gespielt